000 00665nam a22001937a 4500
005 20250729123943.0
008 250729b |||||||| |||| 00| 0 eng d
020 _a978-0-8400-2915-7
050 _aRC 469 .G73 2013
100 _aGRAY, SUSAN W.
245 _aPSYCHOPATHOLOGY: A COMPETENCY-BASED ASSESSMENT MODEL FOR SOCIAL WORKERS
250 _a3
260 _a BELMONT, CA
_bBROOKS/COLE, CENGAGE LEARNING
_c2013
300 _aXX, 460 P.: ILL
500 _aINCLUDES BIBLIOGRAPHICAL REFERENCES AND INDEX
650 _a1. MENTAL ILLNESS--TREATMENT 2. PSYCHOLOGY, PATHOLOGICAL 3. PSYCHIATRIC SOCIAL WORK
700 _a ZIDE, MARILYN R.
942 _2lcc
_cBK
999 _c215972
_d215972